<?xml version="1.0" encoding="UTF-8"?>
<record
    xmlns:xsi="http://www.w3.org/2001/XMLSchema-instance"
    xsi:schemaLocation="http://www.loc.gov/MARC21/slim http://www.loc.gov/standards/marcxml/schema/MARC21slim.xsd"
    xmlns="http://www.loc.gov/MARC21/slim">

  <leader>01757nam a22002177a 4500</leader>
  <controlfield tag="003">OSt</controlfield>
  <controlfield tag="005">20230415122303.0</controlfield>
  <controlfield tag="008">120620t        xxu||||| |||| 00| 0 eng d</controlfield>
  <datafield tag="020" ind1=" " ind2=" ">
    <subfield code="a">9781593455132</subfield>
    <subfield code="q">1593455135</subfield>
  </datafield>
  <datafield tag="040" ind1=" " ind2=" ">
    <subfield code="c">WIUC-GH</subfield>
  </datafield>
  <datafield tag="050" ind1=" " ind2=" ">
    <subfield code="a">HV9950.M47</subfield>
  </datafield>
  <datafield tag="100" ind1=" " ind2=" ">
    <subfield code="a">McDowell, Lana</subfield>
    <subfield code="9">1195</subfield>
  </datafield>
  <datafield tag="245" ind1=" " ind2=" ">
    <subfield code="a">Study guide to: Justice, crime and ethics by |Mathew Bender, 6th ed. /</subfield>
    <subfield code="c">Lana McDowell, Jenniffer Mongold</subfield>
  </datafield>
  <datafield tag="250" ind1=" " ind2=" ">
    <subfield code="a">6th ed.</subfield>
  </datafield>
  <datafield tag="260" ind1=" " ind2=" ">
    <subfield code="a">Cincinati, OH :</subfield>
    <subfield code="b">LexisNexis,</subfield>
    <subfield code="c">2008.</subfield>
  </datafield>
  <datafield tag="300" ind1=" " ind2=" ">
    <subfield code="a">iv, 75 p.:</subfield>
  </datafield>
  <datafield tag="505" ind1=" " ind2=" ">
    <subfield code="a">Contents: Ethics, crime and justice: an introductory note to students -- Utilitarian and deontological approaches to criminal justice ethics -- Peacemaking, justice and ethics --  How police officers learn ethics -- The ethics of deceptive interrogation -- Ethical dilemmas in police work -- Police ethics, legal proselytism and the social order: paving the path to misconduct -- Whatever happened to Atticus Finch? -- Lawyers as legal advocates and moral agents -- Prosecutor misconduct -- Criminal sentencing: ethical issues and the problems of reform -- Crime and punishment: punishment philosophies and ethical dilemmas -- To die or not to die: morality, ethics and the death penalty -- Ethical issues in probation, parole and community corrections -- Restorative justice and the peacemaking ethic -- Keeping an eye on the keeper: prison corruption and its control -- Ethics and prison: selected issues -- Crime and justice myths -- The Ford Pinto case and beyond: assessing blame -- Ethics and criminal justice research -- The Canary's song: Guantanamo and the war on terrorism -- Criminal justice: an ethic for the future -- </subfield>
  </datafield>
  <datafield tag="650" ind1=" " ind2=" ">
    <subfield code="a">Criminal justice</subfield>
    <subfield code="9">1196</subfield>
  </datafield>
  <datafield tag="700" ind1=" " ind2=" ">
    <subfield code="a">Mongold, Jennifer</subfield>
    <subfield code="9">1197</subfield>
  </datafield>
  <datafield tag="942" ind1=" " ind2=" ">
    <subfield code="2">lcc</subfield>
    <subfield code="c">BK</subfield>
  </datafield>
  <datafield tag="999" ind1=" " ind2=" ">
    <subfield code="c">9507</subfield>
    <subfield code="d">17007</subfield>
  </datafield>
  <datafield tag="952" ind1=" " ind2=" ">
    <subfield code="0">0</subfield>
    <subfield code="1">0</subfield>
    <subfield code="2">lcc</subfield>
    <subfield code="4">0</subfield>
    <subfield code="7">0</subfield>
    <subfield code="a">WIUC-KL</subfield>
    <subfield code="b">WIUC-KL</subfield>
    <subfield code="c">LL</subfield>
    <subfield code="d">2023-03-24</subfield>
    <subfield code="o">HV9950.M47(6e)</subfield>
    <subfield code="p">KSL/1749/012/23</subfield>
    <subfield code="r">2023-04-13 00:00:00</subfield>
    <subfield code="y">BK</subfield>
  </datafield>
</record>
